| 000 | 00599nam a22001097a 4500 | ||
|---|---|---|---|
| 008 | 150625b xxu||||| |||| 00| 0 eng d | ||
| 010 | _8SCConst.AF:33B | ||
| 245 | _aSUPREME COURT CONSTITUTION APPEAL NO.4 OF 2011 National Council For Higher Education Vs Anifa Kawooya Bangirana | ||
| 260 | _aSupreme Court Kampala | ||
| 500 | _3(Appeal from the Constitutional Court at Kampala before Mpagi bahigaine DCJ, Twinomujuni, Kavuma, Nshimye dated 2nd Febuary 2011 in Constitutional petition No. 42 of 2010 | ||
| 500 | _3CORAM: Katureebe, Tumwesigye, Kisaakye JJ.S.C., Odoki, Tsekooko, Okello Kitumba, AG. JJ.S.C. | ||
| 999 |
_c6770 _d6770 |
||